|
|
|
|
| LEADER |
00000nam a2200000 a 4500 |
| 001 |
vtls001324982 |
| 003 |
SK-MaSNL |
| 005 |
20260301005540.0 |
| 008 |
240318s1956 hu oa 00 0 hun |
| 020 |
|
|
|q (viaz.)
|
| 035 |
|
|
|a SNK000277726
|
| 040 |
|
|
|a SNK
|b slo
|c SNK
|e AACR2
|
| 043 |
|
|
|a e-hu---
|
| 080 |
|
|
|a 94(439)
|2 2001
|
| 080 |
|
|
|a 904(439)
|2 2001
|
| 100 |
1 |
|
|a Dercsényi, Dezső,
|d 1910-1987
|4 aut
|9 183929
|
| 245 |
1 |
0 |
|a Esztergom
|c Dezső Dercsényi, László Zolnay ; [fotogr. Lajos Czeizing, Elek Kozacsek, István Petrás]
|
| 260 |
|
|
|a Budapest
|b Képzőművészeti alap kiadóvállata
|c 1956
|
| 300 |
|
|
|a 92 s.
|b fotogr., ilustr.
|c 24 cm
|
| 650 |
0 |
7 |
|a pamiatky
|2 SNKPH
|9 3808
|
| 651 |
|
7 |
|a Ostrihom (Maďarsko)
|2 SNKPH
|9 21449
|
| 651 |
|
7 |
|a Maďarsko
|x dejiny
|2 SNKPH
|9 18630
|
| 700 |
1 |
|
|a Zolnay, László
|4 aut
|9 290018
|
| 700 |
1 |
|
|a Czeizing, Lajos
|4 pht
|9 290019
|
| 700 |
1 |
|
|a Kozacsek, Elek
|4 pht
|9 290020
|
| 700 |
1 |
|
|a Petrás, István
|4 pht
|9 290021
|
| 999 |
|
|
|c 545487
|d 547417
|
| 952 |
|
|
|t P60, <04>, [BOOK], {604}
|a SNK
|b SNK
|y VYP
|7 0
|p 17A0129357
|o snkIC 20773
|0 0
|1 0
|4 0
|d 1998-03-18
|l 0
|r 2005-01-02 00:00:00
|w 2026-02-23
|